Personnage Réel ou Fictif Mal Décrit #2 - Statistiques

Statistiques générales
  • Ce quiz a été pris 73 fois
  • Le résultat moyen est 11 sur 20
Statistiques - réponses
Hint Réponse % Correct
Spiderman de la jungle, sauf qu'il est pratiquement tout nu Tarzan
92%
L'hérisson le plus rapide Sonic
90%
Son nom ressemble à "petite teuf" Titeuf
82%
Agite une petite branche et a un éclair sur le front Harry Potter
80%
Souris qui a un parc a son effigie Mickey
77%
Nain vert avec un mini-laser Yoda
75%
Coup de boule Zidane
67%
A supprimé un oiseau bleu pour en faire une lettre Elon Musk
62%
Quand il tape sur son poignet il se transforme en alien Ben Ten
57%
Mec pas sympa qui utilisait des trains a des fins encore moins sympa Hitler
57%
Fais des danses fortnite quand il marque un but Griezmann
54%
Se fait toujours kidnapper par une tortue et se fait toujours sauver par le même moustachu Peach
48%
A trouvé le dernier pissenlit de la saison Sid
44%
Marque de colle de plutôt bonne qualitée Cléopâtre
41%
Il a une voix de gogole, il a tout le temps peur, et mange beaucoup de snacks Scooby-do
39%
Il a les canines Dracula
38%
Mozart moderne aveugle Gilbert Montagné
38%
Le tigre des bois du Golf Tiger Woods
23%
And your friend "......", tu tu tu lu Steve
20%
Il fumais, fumais, fumais et fumais, et il en a fait des chansons Bob Marley
11%
Aucun quiz correspondant
Distribution des résultats
% des personnes avec chaque résultat
Percentile par nombre de réponses
Votre historique - résultats
Vous n’avez pas pris ce quiz